[Event "MMK 2013, Krakow"]
[Site "?"]
[Date "2013.08.11"]
[Round "4.2"]
[White "Licznerski, Lukasz"]
[Black "Matuszewski, Michal"]
[Result "1/2-1/2"]
[WhiteElo "2332"]
[BlackElo "2411"]
[PlyCount "114"]
[EventDate "2013.??.??"]

1. e4 c5 2. Nf3 a6 3. c4 Nc6 4. d4 cxd4 5. Nxd4 e5 6. Nf5 d6 7. Nc3 Bxf5 8.
exf5 Nge7 9. Bd3 d5 10. cxd5 Nxd5 11. Qf3 Ndb4 12. Be4 Nd4 13. Qd1 g6 14. O-O
gxf5 15. Bxb7 Ra7 16. a3 Rxb7 17. axb4 Rxb4 18. Rxa6 Bg7 19. Qh5 O-O 20. Bg5 f6
21. Bh6 Qd7 22. Bxg7 Kxg7 23. Rfa1 Rxb2 24. Ra7 Rb7 25. Rxb7 Qxb7 26. Ne2 Ra8
27. Rd1 Qf7 28. Qxf7+ Kxf7 29. Nxd4 exd4 30. Kf1 Ra4 31. Re1 h5 32. h4 Ra6 33.
Rd1 Rd6 34. Ke2 Ke6 35. Ra1 Ke5 36. Kd3 Kf4 37. Ra8 Kg4 38. Rg8+ Kxh4 39. Rg7
f4 40. Rg6 f3 41. gxf3 Kh3 42. f4 h4 43. f5 Kh2 44. Rg4 h3 45. Rg6 Kh1 46. Rg3
h2 47. Rg6 Ra6 48. Kxd4 Ra1 49. Kd5 Re1 50. Kd6 Re4 51. Rxf6 Kg2 52. Rh6 h1=Q
53. Rxh1 Kxh1 54. f6 Kg2 55. f7 Rf4 56. Ke7 Rxf7+ 57. Kxf7 Kxf2 1/2-1/2

[Event "MMK 2013, Krakow"]
[Site "?"]
[Date "2013.08.11"]
[Round "4.3"]
[White "Lewtak, Damian"]
[Black "Mikrut, Dariusz"]
[Result "1-0"]
[WhiteElo "2265"]
[BlackElo "2350"]
[PlyCount "125"]
[EventDate "2013.??.??"]

1. e4 c5 2. Nf3 d6 3. Bb5+ Bd7 4. Bxd7+ Nxd7 5. O-O Ngf6 6. Re1 e6 7. d4 cxd4
8. Qxd4 Be7 9. c4 a6 10. Nc3 Rc8 11. b3 O-O 12. Bb2 Qa5 13. Qd2 Ne5 14. Nd4 Nc6
15. Nxc6 Rxc6 16. Rad1 Qc5 17. Qe3 Qxe3 18. Rxe3 Nd7 19. Ba3 Nc5 20. e5 b6 21.
b4 Nb7 22. b5 axb5 23. cxb5 Rc4 24. exd6 Bg5 25. Red3 Ra8 26. d7 h6 27. Ne2
Rca4 28. Bc1 Bd8 29. a3 Kf8 30. Rc3 Nc5 31. Be3 Rxa3 32. Rxc5 Rxe3 33. Rc8 Rea3
34. Nd4 Rd3 35. Rxd8+ Ke7 36. Nc6+ Kf6 37. Rb1 Rxd8 38. Nxd8 Rxd7 39. Nc6 e5
40. Kf1 Rd2 41. Ke1 Rc2 42. Nb4 Rc5 43. Nd3 Rd5 44. Ke2 e4 45. Ne1 Rc5 46. Ke3
Ke5 47. f4+ Kf5 48. g4+ Kxg4 49. Kxe4 f5+ 50. Ke3 g5 51. Nd3 Rd5 52. Ne5+ Kh5
53. Rb4 Rd1 54. Nc4 Re1+ 55. Kd3 Re4 56. fxg5 hxg5 57. Ra4 g4 58. Nxb6 Re5 59.
Rb4 f4 60. Nc4 Re8 61. b6 f3 62. b7 f2 63. Nd2 1-0

[Event "MMK 2013, Krakow"]
[Site "?"]
[Date "2013.08.11"]
[Round "4.4"]
[White "Malinovsky, Karel"]
[Black "Gajek, Radoslaw"]
[Result "1-0"]
[WhiteElo "2457"]
[BlackElo "2274"]
[PlyCount "83"]
[EventDate "2013.??.??"]

1. e4 c5 2. Nf3 d6 3. d4 cxd4 4. Nxd4 Nf6 5. Nc3 a6 6. Be2 e6 7. Be3 Be7 8. f4
Nc6 9. Qd2 Qc7 10. O-O-O Na5 11. g4 b5 12. g5 b4 13. Ncb5 axb5 14. gxf6 Bxf6
15. Qxb4 O-O 16. Nxb5 Qb7 17. a3 Be7 18. Nxd6 Bxd6 19. Qxd6 Qxe4 20. Qd4 Bb7
21. Rhg1 g6 22. Bd3 Qxd4 23. Bxd4 Rfc8 24. Kb1 Nc4 25. Rge1 Bf3 26. Be2 Bd5 27.
Bxc4 Rxc4 28. b3 Rcc8 29. c4 Bc6 30. Kb2 Rab8 31. Be5 Ra8 32. Bf6 Ra5 33. Re5
Raa8 34. Rc5 Kf8 35. Rd6 Be8 36. Rxc8 Rxc8 37. Kc3 Rc5 38. b4 Rf5 39. Bd4 Rxf4
40. b5 Rf3+ 41. Kb4 Rf1 42. Bc5 1-0

[Event "MMK 2013, Krakow"]
[Site "?"]
[Date "2013.08.11"]
[Round "4.5"]
[White "Abdumalik, Zhansaya"]
[Black "Klekowski, Maciej"]
[Result "0-1"]
[WhiteElo "2265"]
[BlackElo "2357"]
[PlyCount "78"]
[EventDate "2013.??.??"]

1. e4 c5 2. Nf3 Nc6 3. d4 cxd4 4. Nxd4 g6 5. c4 Bg7 6. Be3 Nf6 7. Nc3 d6 8. f3
O-O 9. Qd2 Nxd4 10. Bxd4 Be6 11. Rc1 Nd7 12. Be3 Qa5 13. b3 a6 14. Be2 Rfc8 15.
Na4 Qc7 16. O-O Nc5 17. Nc3 Qa5 18. Rc2 Qb4 19. Rb1 b5 20. Qc1 bxc4 21. Bxc4
Nd3 22. Nd5 Bxd5 23. Bxd3 Be6 24. Bc4 Bxc4 25. bxc4 Qa5 26. c5 dxc5 27. Rxc5
Rxc5 28. Qxc5 Qxa2 29. Rb7 Rd8 30. h4 Bf6 31. h5 Qa1+ 32. Kh2 Qe1 33. Bf2 Qd2
34. Bg3 Qh6 35. Ra7 g5 36. Rxa6 Qxh5+ 37. Kg1 Rd1+ 38. Kf2 Qh1 39. Ra8+ Kg7 0-1

[Event "MMK 2013, Krakow"]
[Site "?"]
[Date "2013.08.11"]
[Round "5.1"]
[White "Klekowski, Maciej"]
[Black "Nguyen, Thai Dai Van"]
[Result "1-0"]
[WhiteElo "2357"]
[BlackElo "2187"]
[PlyCount "69"]
[EventDate "2013.??.??"]

1. c4 e5 2. Nc3 Nf6 3. g3 d5 4. cxd5 Nxd5 5. Bg2 Nb6 6. Nf3 Nc6 7. O-O Be7 8.
a4 a5 9. d3 O-O 10. Be3 Be6 11. Rc1 Nd5 12. Nxd5 Bxd5 13. Nd2 Bxg2 14. Kxg2 Nb4
15. Qb3 Kh8 16. Bc5 b6 17. Bxb4 Bxb4 18. Nf3 f6 19. h4 Qe7 20. h5 Qf7 21. Qxf7
Rxf7 22. Rc6 Rd8 23. Rfc1 Rdd7 24. g4 Bc5 25. Nd2 Rd6 26. Rxd6 cxd6 27. e3 h6
28. Nf3 f5 29. d4 exd4 30. exd4 fxg4 31. Nh4 Kh7 32. dxc5 dxc5 33. Rd1 Re7 34.
Rd8 Re5 35. Rh8+ 1-0

[Event "MMK 2013, Krakow"]
[Site "?"]
[Date "2013.08.11"]
[Round "5.2"]
[White "Gajek, Radoslaw"]
[Black "Abdumalik, Zhansaya"]
[Result "0-1"]
[WhiteElo "2274"]
[BlackElo "2265"]
[PlyCount "126"]
[EventDate "2013.??.??"]

1. e4 c5 2. Nf3 e6 3. d4 cxd4 4. Nxd4 a6 5. Nc3 Qc7 6. g3 b6 7. Bg2 Bb7 8. O-O
d6 9. Re1 Nd7 10. f4 g6 11. f5 e5 12. Nd5 Qc4 13. Nf3 Bxd5 14. b3 Qc8 15. Qxd5
Ngf6 16. Qd1 Be7 17. h3 Nc5 18. Nd2 b5 19. g4 g5 20. Nf1 h6 21. a4 bxa4 22. b4
Ncd7 23. Rxa4 Qc6 24. Ra1 Qb6+ 25. Kh1 Qxb4 26. Ba3 Qb6 27. Ne3 Rc8 28. Qd3 h5
29. Rab1 Qc6 30. Kg1 hxg4 31. hxg4 Nc5 32. Bxc5 Qxc5 33. Bf3 Kf8 34. Kg2 Kg7
35. Rb7 Bd8 36. Re2 a5 37. Qb3 Rc7 38. Rb5 Qc3 39. Qa4 Rc5 40. Rb3 Qd4 41. Qxd4
exd4 42. Nd1 a4 43. Rb2 Bc7 44. Ra2 Ra8 45. e5 Nd5 46. Bxd5 Rxd5 47. Nb2 dxe5
48. Rxa4 Rxa4 49. Nxa4 Rb5 50. Kf3 Bd6 51. Re1 e4+ 52. Ke2 Rb4 53. Ra1 Kf6 54.
c3 d3+ 55. Kf2 Rc4 56. Ke3 Bf4+ 57. Kf2 e3+ 58. Kf3 Rxa4 59. Rxa4 e2 60. Ra6+
Kg7 61. Ra1 Bd2 62. Kf2 Bxc3 63. Rb1 Kf6 0-1

[Event "MMK 2013, Krakow"]
[Site "?"]
[Date "2013.08.11"]
[Round "5.3"]
[White "Mikrut, Dariusz"]
[Black "Malinovsky, Karel"]
[Result "1/2-1/2"]
[WhiteElo "2350"]
[BlackElo "2457"]
[PlyCount "83"]
[EventDate "2013.??.??"]

1. e4 c5 2. Nc3 d6 3. Nf3 Nc6 4. Bc4 Nf6 5. d4 cxd4 6. Nxd4 Qb6 7. Nxc6 bxc6 8.
O-O g6 9. Qe1 Bg7 10. e5 dxe5 11. Qxe5 Bf5 12. Be3 Qb7 13. Bb3 O-O 14. Qa5 Ne4
15. Nxe4 Bxe4 16. Rad1 Qc8 17. f3 Bf5 18. c3 Be6 19. Rfe1 Bxb3 20. axb3 e6 21.
Rd2 Qb8 22. b4 Be5 23. h3 Bc7 24. Qg5 a5 25. Bc5 Bb6 26. Kh1 Bxc5 27. bxc5 a4
28. Red1 Qb3 29. Qe5 a3 30. bxa3 Rxa3 31. Rd8 Ra8 32. Rxf8+ Rxf8 33. Rd6 Qa4
34. Kh2 h5 35. Kg3 Kh7 36. Rd7 Kg8 37. Rd6 Kh7 38. Qd4 Ra8 39. Qf6 Kg8 40. Rd7
Rf8 41. Qd4 Qc2 42. Qe5 1/2-1/2

[Event "MMK 2013, Krakow"]
[Site "?"]
[Date "2013.08.11"]
[Round "5.4"]
[White "Matuszewski, Michal"]
[Black "Lewtak, Damian"]
[Result "1-0"]
[WhiteElo "2411"]
[BlackElo "2265"]
[PlyCount "109"]
[EventDate "2013.??.??"]

1. d4 d5 2. Nf3 Nf6 3. Bg5 e6 4. e3 Be7 5. Bd3 Nbd7 6. O-O O-O 7. Nbd2 b6 8. c3
Bb7 9. Ne5 Ne4 10. Bxe7 Qxe7 11. f4 Nxd2 12. Qxd2 Nf6 13. Qe1 Ne4 14. Rf3 f6
15. Ng4 h5 16. Nf2 g5 17. Rh3 h4 18. Bxe4 dxe4 19. Qe2 e5 20. dxe5 Bc8 21. exf6
Qxf6 22. Nxe4 Qe7 23. Nxg5 Bxh3 24. Nxh3 Rad8 25. Re1 Rd6 26. Ng5 Rfd8 27. Qc4+
Kg7 28. e4 Rd1 29. Kf2 R8d2+ 30. Ke3 Qd7 31. Rxd1 Rxd1 32. Qe2 c5 33. Nf3 Ra1
34. f5 Rxa2 35. Ne5 Qd6 36. Qg4+ Kf8 37. Qf4 Ke8 38. Qg5 Qxe5 39. Qg8+ Kd7 40.
Qxa2 Qxh2 41. Qxa7+ Kc6 42. Qa8+ Kc7 43. Qa7+ Kc6 44. Qg7 Qg1+ 45. Kf4 Qh2+ 46.
Kf3 Qh1 47. Qg6+ Kb5 48. Ke2 Qa1 49. Qe8+ Kc4 50. Qe6+ Kb5 51. Qb3+ Kc6 52. f6
Qa6+ 53. Kf2 c4 54. Qd1 Qa2 55. Qd2 {Kd5} 1-0

[Event "MMK 2013, Krakow"]
[Site "?"]
[Date "2013.08.11"]
[Round "5.5"]
[White "Zambor, Norbert"]
[Black "Licznerski, Lukasz"]
[Result "0-1"]
[WhiteElo "2345"]
[BlackElo "2332"]
[PlyCount "60"]
[EventDate "2013.??.??"]

1. e4 c6 2. d4 d5 3. e5 Bf5 4. Nc3 e6 5. g4 Bg6 6. Nge2 f6 7. exf6 Qxf6 8. Be3
h5 9. g5 Qf3 10. Rg1 Bd6 11. Qd2 Qf5 12. O-O-O Bxh2 13. Rh1 Bc7 14. Re1 Ne7 15.
Bf4 Na6 16. Rh4 Qf7 17. Bxc7 Nxc7 18. Rf4 Bf5 19. Rf3 O-O 20. Rg3 Bg4 21. Bh3
Bxe2 22. Rxe2 Ng6 23. Bf1 Qf4 24. Rh3 Qxd2+ 25. Rxd2 Nf4 26. Rg3 Rae8 27. Nd1
e5 28. c4 exd4 29. Rxd4 Re1 30. Bd3 Nce6 0-1

[Event "MMK 2013, Krakow"]
[Site "?"]
[Date "2013.08.12"]
[Round "6.1"]
[White "Nguyen, Thai Dai Van"]
[Black "Licznerski, Lukasz"]
[Result "0-1"]
[WhiteElo "2187"]
[BlackElo "2332"]
[PlyCount "132"]
[EventDate "2013.??.??"]

1. e4 c6 2. d4 d5 3. exd5 cxd5 4. Bd3 Nc6 5. c3 Nf6 6. h3 e5 7. dxe5 Nxe5 8.
Nf3 Nxd3+ 9. Qxd3 Be7 10. O-O O-O 11. Be3 a5 12. a4 b6 13. Nd4 Ba6 14. Nb5 Bc5
15. Nd2 Bxe3 16. Qxe3 Re8 17. Qd3 Ne4 18. Nxe4 dxe4 19. Qxd8 Raxd8 20. Rfd1
Bxb5 21. axb5 f5 22. Kf1 Kf7 23. Ke2 Ke6 24. f3 Ke5 25. fxe4 Kxe4 26. Ra4+ Ke5
27. Rad4 Rxd4 28. Rxd4 g5 29. Rd7 h5 30. Ke3 h4 31. Kf3 Re6 32. Rd8 Rd6 33.
Re8+ Kd5 34. b3 Rg6 35. Rf8 g4+ 36. Kf4 gxh3 37. gxh3 Rg3 38. Rxf5+ Kd6 39.
Rf6+ Kc7 40. Rf7+ Kc8 41. Rf8+ Kd7 42. Rf7+ Kd8 43. Rf8+ Kd7 44. Rf7+ Kd8 45.
Rf8+ Ke7 46. Rb8 Rxc3 47. Rxb6 Rxb3 48. Kg4 Rb4+ 49. Kg5 Kd7 50. Kh5 Kc7 51.
Rf6 Kb7 52. Kg5 a4 53. Kh6 a3 54. Ra6 Rb3 55. Ra4 Kb6 56. Kg5 Kxb5 57. Ra8 Rxh3
58. Kg4 Rc3 59. Kxh4 Rc4+ 60. Kg3 Ra4 61. Rb8+ Kc4 62. Rc8+ Kb3 63. Rb8+ Rb4
64. Rf8 a2 65. Rf3+ Ka4 66. Rf8 Ka3 0-1

[Event "MMK 2013, Krakow"]
[Site "?"]
[Date "2013.08.12"]
[Round "6.2"]
[White "Lewtak, Damian"]
[Black "Zambor, Norbert"]
[Result "1-0"]
[WhiteElo "2265"]
[BlackElo "2345"]
[PlyCount "39"]
[EventDate "2013.??.??"]

1. e4 c5 2. Nf3 Nc6 3. Bb5 e6 4. Bxc6 bxc6 5. d3 Ne7 6. Qe2 Ng6 7. h4 f6 8. h5
Ne5 9. Nxe5 fxe5 10. Qg4 d6 11. Nd2 Kd7 12. Nc4 Kc7 13. Bd2 Qe8 14. O-O g6 15.
h6 Be7 16. Ba5+ Kb7 17. Rab1 Bd7 18. b4 Kc8 19. bxc5 dxc5 20. Qg3 1-0

[Event "MMK 2013, Krakow"]
[Site "?"]
[Date "2013.08.12"]
[Round "6.3"]
[White "Malinovsky, Karel"]
[Black "Matuszewski, Michal"]
[Result "1-0"]
[WhiteElo "2457"]
[BlackElo "2411"]
[PlyCount "135"]
[EventDate "2013.??.??"]

1. e4 c5 2. Nf3 d6 3. d4 cxd4 4. Nxd4 Nf6 5. Nc3 a6 6. Be2 e5 7. Nb3 Be7 8. Be3
Be6 9. O-O O-O 10. Qd2 Nbd7 11. a4 Rc8 12. a5 Qc7 13. Rfc1 Qc6 14. Bf3 Rfd8 15.
Ra4 Nc5 16. Rb4 Nxb3 17. cxb3 Qd7 18. Rb6 Rc6 19. h3 Rxb6 20. Bxb6 Rc8 21. b4
Bb3 22. Kh2 h6 23. Be2 Bd8 24. Bxd8 Qxd8 25. Ra1 d5 26. exd5 Nxd5 27. Nxd5 Qxd5
28. Qxd5 Bxd5 29. Rd1 Be4 30. Rd2 Kf8 31. b3 Ke7 32. Bc4 Bc6 33. Kg3 f6 34. f4
e4 35. Kf2 Rd8 36. Rxd8 Kxd8 37. Ke3 Ke7 38. g3 Kd6 39. Kd4 Kc7 40. Be6 g6 41.
h4 Kd6 42. Bf7 f5 43. Bxg6 Bd7 44. Bh5 Ke7 45. Bd1 Kd6 46. b5 axb5 47. b4 Be6
48. Bh5 Ke7 49. Be2 Bd7 50. Ke5 Kd8 51. Kd6 Be8 52. g4 Bf7 53. g5 hxg5 54. hxg5
e3 55. Bxb5 Bh5 56. g6 Bxg6 57. Be2 Be8 58. Ke5 Bd7 59. Kd4 Kc7 60. Kxe3 Bc6
61. Bd3 Bd7 62. Kd4 Kd6 63. Bc2 Be6 64. Bb1 Bd7 65. Bd3 Be6 66. Bc4 Bd7 67. Bd5
Bc8 68. b5 {Kxd5+ Ke4+} 1-0

[Event "MMK 2013, Krakow"]
[Site "?"]
[Date "2013.08.12"]
[Round "6.4"]
[White "Abdumalik, Zhansaya"]
[Black "Mikrut, Dariusz"]
[Result "0-1"]
[WhiteElo "2265"]
[BlackElo "2350"]
[PlyCount "108"]
[EventDate "2013.??.??"]

1. e4 e5 2. Nf3 Nc6 3. Bb5 a6 4. Ba4 Nf6 5. O-O Be7 6. Re1 b5 7. Bb3 O-O 8. h3
d6 9. c3 Nb8 10. d4 Nbd7 11. Nbd2 Bb7 12. Bc2 Re8 13. Nf1 Bf8 14. Ng3 g6 15. a4
Bg7 16. Bd3 c6 17. Bg5 h6 18. Be3 Qc7 19. Qd2 Kh7 20. Nh2 d5 21. dxe5 Nxe5 22.
Bf4 dxe4 23. Nxe4 Nxe4 24. Rxe4 c5 25. Re3 Rad8 26. Ng4 Rxd3 27. Rxd3 Qc6 28.
Rg3 Nc4 29. Qc2 Re4 30. Qc1 f5 31. Nh2 bxa4 32. Nf3 Na5 33. Ra3 Nb3 34. Rxb3
axb3 35. Be3 Qd5 36. Qd2 Ra4 37. Qc1 a5 38. h4 Rg4 39. Rxg4 fxg4 40. Ne1 a4 41.
Qa1 Bc6 42. f3 Qe5 43. Kf2 g3+ 44. Ke2 Qd5 45. Bd2 Bb5+ 46. Kd1 Qc4 47. h5 Qe6
48. Qa3 Qf5 49. hxg6+ Kxg6 50. Kc1 Bf6 51. f4 Be7 52. Kd1 Qe4 53. f5+ Kxf5 54.
Kc1 Bf1 0-1

[Event "MMK 2013, Krakow"]
[Site "?"]
[Date "2013.08.12"]
[Round "6.5"]
[White "Klekowski, Maciej"]
[Black "Gajek, Radoslaw"]
[Result "1/2-1/2"]
[WhiteElo "2357"]
[BlackElo "2274"]
[PlyCount "112"]
[EventDate "2013.??.??"]

1. c4 e5 2. a3 a5 3. Nc3 Nc6 4. g3 Nf6 5. Bg2 Bc5 6. e3 O-O 7. Nge2 d6 8. O-O
Ne7 9. d4 Ba7 10. h3 c6 11. e4 Be6 12. b3 exd4 13. Nxd4 h6 14. Kh2 d5 15. exd5
Bxd4 16. Qxd4 cxd5 17. cxd5 Nexd5 18. Bb2 Nxc3 19. Bxc3 Qxd4 20. Bxd4 Bxb3 21.
Rab1 a4 22. Bxb7 Rad8 23. Bc5 Rfe8 24. Rfe1 Rb8 25. Rxe8+ Rxe8 26. Bf3 Rc8 27.
Be3 Rc3 28. Rc1 Rxc1 29. Bxc1 Kf8 30. Be3 Ke7 31. Bc5+ Kd7 32. Bf8 Ne8 33. h4
Bc4 34. Kg1 Bd3 35. Bd1 Bb5 36. Bg4+ Kc6 37. Bf3+ Kd7 38. Bd5 f5 39. Bf7 Be2
40. Bg6 Bd3 41. Kg2 Nd6 42. Bxg7 Nc4 43. Bxh6 Nxa3 44. Bg7 Nc2 45. Bc3 a3 46.
h5 a2 47. h6 Ne1+ 48. Kh3 Nf3 49. Kg2 Ne1+ 50. Kg1 Nf3+ 51. Kh1 Be4 52. Bh5 f4
53. h7 Ng5+ 54. f3 Bxh7 55. gxf4 Ne6 56. Bg4 Ke7 1/2-1/2

[Event "MMK 2013, Krakow"]
[Site "?"]
[Date "2013.08.13"]
[Round "7.1"]
[White "Gajek, Radoslaw"]
[Black "Nguyen, Thai Dai Van"]
[Result "1-0"]
[WhiteElo "2274"]
[BlackElo "2187"]
[PlyCount "107"]
[EventDate "2013.??.??"]

1. e4 d5 2. exd5 Qxd5 3. Nc3 Qd6 4. d4 c6 5. g3 Nf6 6. Bg2 Bf5 7. Nf3 Nbd7 8.
Qe2 e6 9. O-O Be7 10. a3 Qc7 11. b3 O-O 12. Bb2 Rfe8 13. Nd1 Rad8 14. c4 c5 15.
Ne3 Be4 16. b4 b6 17. dxc5 bxc5 18. b5 Qb7 19. Rfd1 a6 20. a4 axb5 21. cxb5 c4
22. Nxc4 Nc5 23. Ne1 Rxd1 24. Qxd1 Rd8 25. Qe2 h6 26. Ne5 Bxg2 27. Nxg2 Nce4
28. Rd1 Rxd1+ 29. Qxd1 Bc5 30. Nd3 Bb6 31. Bc1 Qd7 32. Be3 Bxe3 33. Nxe3 Nc3
34. Qc2 Nxa4 35. Nc5 Nxc5 36. Qxc5 Ne4 37. Qb4 Nd2 38. b6 Nf3+ 39. Kf1 Qb7 40.
h4 Nh2+ 41. Ke1 Qh1+ 42. Kd2 Nf1+ 43. Nxf1 Qxf1 44. Qd4 Qg2 45. Kc3 Qc6+ 46.
Kb4 Kh7 47. Qc5 Qe4+ 48. Kb5 f6 49. Qc4 Qf5+ 50. Kc6 Qf3+ 51. Kc7 Qa3 52. b7
Qa5+ 53. Kc8 Qa3 54. b8=Q 1-0

[Event "MMK 2013, Krakow"]
[Site "?"]
[Date "2013.08.13"]
[Round "7.3"]
[White "Matuszewski, Michal"]
[Black "Abdumalik, Zhansaya"]
[Result "1-0"]
[WhiteElo "2411"]
[BlackElo "2265"]
[PlyCount "79"]
[EventDate "2013.??.??"]

1. d4 Nf6 2. c4 e6 3. Nc3 Bb4 4. e3 c5 5. Nge2 cxd4 6. exd4 d5 7. a3 Be7 8. Nf4
O-O 9. Be3 Nc6 10. cxd5 Nxd5 11. Ncxd5 exd5 12. Bd3 Bf6 13. O-O g6 14. Rc1 Qd6
15. Bb1 Be6 16. Re1 Rfe8 17. Qd2 Rac8 18. b4 a6 19. Ba2 Ne7 20. Rc5 b6 21. Nxe6
Qxe6 22. Bf4 Qd7 23. Rxc8 Rxc8 24. h3 Qa4 25. Bd6 Nf5 26. Be5 Be7 27. Bxd5 Qxa3
28. Rb1 Rd8 29. Bb3 Bxb4 30. Qf4 Bd6 31. g4 Bxe5 32. dxe5 Rd4 33. Qf3 Qe7 34.
gxf5 Qg5+ 35. Kh1 Rf4 36. Qa8+ Kg7 37. f6+ Kh6 38. Rg1 Qxe5 39. Qf8+ Kh5 40.
Bd1+ 1-0

[Event "MMK 2013, Krakow"]
[Site "?"]
[Date "2013.08.13"]
[Round "7.4"]
[White "Zambor, Norbert"]
[Black "Malinovsky, Karel"]
[Result "0-1"]
[WhiteElo "2345"]
[BlackElo "2457"]
[PlyCount "94"]
[EventDate "2013.??.??"]

1. e4 c5 2. Nf3 d6 3. d4 cxd4 4. Nxd4 Nf6 5. Nc3 Nc6 6. Bg5 e6 7. Qd2 a6 8.
O-O-O h6 9. Be3 Be7 10. f3 Nxd4 11. Qxd4 b5 12. Qb6 Qxb6 13. Bxb6 Bb7 14. Ba5
d5 15. exd5 Nxd5 16. Nxd5 Bxd5 17. Kb1 h5 18. Bd3 h4 19. h3 Rh5 20. Rhe1 Bd8
21. Bxd8 Rxd8 22. b4 Ke7 23. Kb2 Rc8 24. a4 Bc4 25. axb5 axb5 26. Re4 Rd8 27.
Kc3 Rg5 28. Rd2 Bxd3 29. cxd3 Rh5 30. Ra2 Rd7 31. Rae2 Rhd5 32. Rd2 g5 33. Re3
Kf6 34. Rde2 e5 35. Rd2 Kf5 36. Rde2 f6 37. Rd2 Ra7 38. Rc2 Rc7+ 39. Kd2 Rxc2+
40. Kxc2 Kf4 41. Re2 Kg3 42. Kd2 Rd4 43. Kc3 Rd6 44. Ra2 Rc6+ 45. Kb3 Rc1 46.
Rd2 Rg1 47. d4 exd4 0-1

[Event "MMK 2013, Krakow"]
[Site "?"]
[Date "2013.08.13"]
[Round "7.5"]
[White "Licznerski, Lukasz"]
[Black "Lewtak, Damian"]
[Result "1-0"]
[WhiteElo "2332"]
[BlackElo "2265"]
[PlyCount "69"]
[EventDate "2013.??.??"]

1. e4 c5 2. Nf3 d6 3. Bb5+ Nc6 4. d4 cxd4 5. Qxd4 Qd7 6. Qd3 a6 7. Ba4 b5 8.
Bb3 Bb7 9. O-O Nf6 10. a4 b4 11. Be3 e6 12. Nbd2 Na5 13. Ba2 Be7 14. Bb6 Nc6
15. a5 Ne5 16. Nxe5 dxe5 17. Qe2 Bc6 18. f3 Qb7 19. Qf2 Nd7 20. Be3 O-O 21.
Rfd1 Kh8 22. Nc4 f5 23. exf5 exf5 24. Nd6 Bxd6 25. Rxd6 Nf6 26. Bg5 e4 27. Qb6
Rac8 28. Be6 Rc7 29. Rad1 exf3 30. Qxb7 Bxb7 31. Rd8 Ne8 32. R1d7 Rxc2 33. Rxb7
Rxg2+ 34. Kf1 Rxg5 35. Rf7 1-0

[Event "MMK 2013, Krakow"]
[Site "?"]
[Date "2013.08.14"]
[Round "8.1"]
[White "Nguyen, Thai Dai Van"]
[Black "Lewtak, Damian"]
[Result "1/2-1/2"]
[WhiteElo "2187"]
[BlackElo "2265"]
[PlyCount "48"]
[EventDate "2013.??.??"]

1. e4 c5 2. Nf3 Nf6 3. e5 Nd5 4. Nc3 Nxc3 5. dxc3 d5 6. c4 d4 7. Bd3 Nc6 8. O-O
Bg4 9. Re1 e6 10. Bf4 Qc7 11. h3 Bxf3 12. Qxf3 h6 13. Be4 g6 14. a3 g5 15.
Bxc6+ Qxc6 16. Qxc6+ bxc6 17. Bd2 Be7 18. Rad1 O-O-O 19. Bc1 h5 20. g3 g4 21.
h4 Rhe8 22. Bf4 Rd7 23. Rd3 Rb7 24. b3 Bd8 1/2-1/2

[Event "MMK 2013, Krakow"]
[Site "?"]
[Date "2013.08.14"]
[Round "8.2"]
[White "Malinovsky, Karel"]
[Black "Licznerski, Lukasz"]
[Result "1/2-1/2"]
[WhiteElo "2457"]
[BlackElo "2332"]
[PlyCount "82"]
[EventDate "2013.??.??"]

1. e4 c6 2. d4 d5 3. e5 c5 4. dxc5 e6 5. Nf3 Nc6 6. Bd3 Bxc5 7. O-O f6 8. exf6
Nxf6 9. c4 dxc4 10. Bxc4 Qxd1 11. Rxd1 Ne4 12. Be3 Bxe3 13. fxe3 Ke7 14. Nbd2
Nxd2 15. Rxd2 Bd7 16. Bd3 h6 17. Be4 Rhd8 18. Rc1 Be8 19. Rdc2 Rd6 20. a3 Rad8
21. Kf2 Kf6 22. Rc5 Rd1 23. R1c3 R8d6 24. Ke2 g5 25. h3 Bh5 26. g4 Be8 27. Rc1
Rxc1 28. Rxc1 Bg6 29. Bxg6 Kxg6 30. b4 a6 31. Rc5 Rd5 32. Rc4 Kf6 33. Nd2 Ke7
34. Ne4 a5 35. Nc3 Rd7 36. bxa5 Nxa5 37. Rb4 Rc7 38. Kd3 Rd7+ 39. Rd4 Nc6 40.
Rxd7+ Kxd7 41. Ke4 Kd6 1/2-1/2

[Event "MMK 2013, Krakow"]
[Site "?"]
[Date "2013.08.14"]
[Round "8.3"]
[White "Abdumalik, Zhansaya"]
[Black "Zambor, Norbert"]
[Result "1-0"]
[WhiteElo "2265"]
[BlackElo "2345"]
[PlyCount "83"]
[EventDate "2013.??.??"]

1. e4 c5 2. Nf3 Nc6 3. d4 cxd4 4. Nxd4 e5 5. Nb5 d6 6. N1c3 a6 7. Na3 b5 8. Nd5
Nce7 9. c4 Nxd5 10. exd5 Be7 11. cxb5 Nf6 12. Be2 O-O 13. O-O Bb7 14. Bc4 axb5
15. Nxb5 Rc8 16. b3 Qa5 17. a4 Qa8 18. Bg5 Rfd8 19. Nc3 h6 20. Be3 Qa5 21. Qd3
Nd7 22. Nb5 Nf6 23. Rfd1 Rd7 24. Bd2 Qa8 25. Nc3 e4 26. Qg3 Kf8 27. a5 Ba6 28.
Na4 Rb8 29. Nb6 Qb7 30. Nxd7+ Nxd7 31. Bc3 f6 32. Bxa6 Qxa6 33. b4 Rb7 34. Qe3
Rc7 35. Bd4 Rb7 36. Qc3 Rb5 37. Rdc1 Rxd5 38. Qc8+ Qxc8 39. Rxc8+ Kf7 40. a6
Rxd4 41. a7 Nb6 42. Rb8 1-0

[Event "MMK 2013, Krakow"]
[Site "?"]
[Date "2013.08.14"]
[Round "8.4"]
[White "Klekowski, Maciej"]
[Black "Matuszewski, Michal"]
[Result "1/2-1/2"]
[WhiteElo "2357"]
[BlackElo "2411"]
[PlyCount "34"]
[EventDate "2013.??.??"]

1. c4 Nf6 2. Nf3 e6 3. b3 Be7 4. Bb2 O-O 5. g3 d5 6. Bg2 c5 7. cxd5 exd5 8. d4
b6 9. O-O Bb7 10. Nc3 Nbd7 11. Nh4 Re8 12. Nf5 Bf8 13. dxc5 Nxc5 14. Qd2 Qd7
15. Nd4 Nfe4 16. Nxe4 dxe4 17. Qe3 Rad8 1/2-1/2

[Event "MMK 2013, Krakow"]
[Site "?"]
[Date "2013.08.14"]
[Round "8.5"]
[White "Gajek, Radoslaw"]
[Black "Mikrut, Dariusz"]
[Result "0-1"]
[WhiteElo "2274"]
[BlackElo "2350"]
[PlyCount "170"]
[EventDate "2013.??.??"]

1. e4 e5 2. Nf3 Nc6 3. Bc4 Nf6 4. d3 Bc5 5. O-O d6 6. c3 a6 7. Bb3 h6 8. Nbd2
O-O 9. Re1 Nh5 10. Nf1 Qf6 11. Be3 Nf4 12. d4 Ba7 13. h3 g5 14. dxe5 dxe5 15.
N3h2 Na5 16. Ng4 Qg7 17. Ng3 h5 18. Nh2 Nxb3 19. axb3 Qg6 20. Nf5 Bxf5 21. exf5
Qxf5 22. Bxa7 Rxa7 23. Qf3 f6 24. Rad1 c6 25. Nf1 Raa8 26. Ng3 Nxh3+ 27. Kh2
Qxf3 28. gxf3 Nf4 29. Rd7 Rf7 30. Red1 Nd5 31. Rd6 Kg7 32. Nxh5+ Kg6 33. Ng3
Rh8+ 34. Kg1 Rfh7 35. Kf1 Rh4 36. c4 Nb4 37. R1d2 Rf4 38. Ke2 Rh2 39. Rd8 Rd4
40. R2xd4 exd4 41. Rxd4 Rh7 42. Rd6 Rf7 43. Ke3 b6 44. f4 gxf4+ 45. Kxf4 b5 46.
Kg4 Re7 47. f4 Re1 48. Rd7 Nc2 49. f5+ Kh6 50. cxb5 axb5 51. Rd6 Ne3+ 52. Kf3
Nd5 53. Rxc6 Re3+ 54. Kg4 Rxb3 55. Rd6 Rd3 56. Ra6 Rd4+ 57. Kf3 Rf4+ 58. Ke2
Kg5 59. Rd6 Ne7 60. Re6 Nd5 61. Re4 Kg4 62. Rxf4+ Nxf4+ 63. Kf2 Nd3+ 64. Kg2 b4
65. b3 Nc5 66. Nf1 Kf4 67. Kf2 Ke4 68. Ke2 Nxb3 69. Ng3+ Kf4 70. Nf1 Nc5 71.
Ne3 b3 72. Nc4 Ke4 73. Kd2 Kd4 74. Na3 Ne4+ 75. Kc1 Kc3 76. Nb1+ Kb4 77. Kb2
Nd6 78. Kc1 Nxf5 79. Kd2 Nd6 80. Kd3 Nc4 81. Kd4 b2 82. Nc3 Kb3 83. Kd3 Na3 84.
Kd2 Nb5 85. Nb1 Ka2 0-1

[Event "MMK 2013, Krakow"]
[Site "Krakow"]
[Date "2013.08.15"]
[Round "9.1"]
[White "Mikrut, Dariusz"]
[Black "Nguyen, Thai Dai Van"]
[Result "1-0"]
[WhiteElo "2350"]
[BlackElo "2187"]
[PlyCount "67"]
[EventDate "2013.??.??"]

1. d4 d5 2. Nf3 Nf6 3. c4 e6 4. cxd5 exd5 5. Nc3 c6 6. Bg5 Be7 7. Qc2 g6 8. e3
Bf5 9. Bd3 Bxd3 10. Qxd3 O-O 11. Bxf6 Bxf6 12. O-O Na6 13. a3 Nc7 14. b4 Ne6
15. Rac1 Qe7 16. Rfd1 Rfd8 17. b5 cxb5 18. Qxb5 a6 19. Qb3 Qd6 20. a4 Be7 21.
Rb1 Rac8 22. Ne5 Kg7 23. a5 Qa3 24. Qxa3 Bxa3 25. Na4 Bd6 26. Nd3 Bc7 27. Rxb7
Bxa5 28. Nac5 Nxc5 29. Nxc5 Rc6 30. Ra1 Bc3 31. Ra3 Bd2 32. Ra2 Be1 33. Kf1 Bc3
34. Rb3 1-0

[Event "MMK 2013, Krakow"]
[Site "Krakow"]
[Date "2013.08.15"]
[Round "9.2"]
[White "Matuszewski, Michal"]
[Black "Gajek, Radoslaw"]
[Result "1-0"]
[WhiteElo "2411"]
[BlackElo "2274"]
[PlyCount "67"]
[EventDate "2013.??.??"]

1. d4 Nf6 2. c4 e6 3. Nf3 b6 4. a3 Ba6 5. Qc2 Bb7 6. Nc3 c5 7. dxc5 bxc5 8. Bf4
Be7 9. Rd1 d5 10. cxd5 exd5 11. e4 d4 12. Ng5 Qa5 13. Qb3 O-O 14. Qxb7 dxc3 15.
Bc7 Qa4 16. Qxa8 c2 17. Rc1 Qd7 18. Qb7 Rd8 19. Bd3 c4 20. Nxf7 cxd3 21. Nxd8
d2+ 22. Ke2 dxc1=N+ 23. Rxc1 Qg4+ 24. Kd2 Bxd8 25. Bxd8 Nxe4+ 26. Kxc2 Qe2+ 27.
Kb1 Qd3+ 28. Ka2 Nd7 29. Ba5 Kf7 30. Rc7 Nef6 31. Bc3 Kg6 32. Bxf6 Nxf6 33.
Rxg7+ Kh6 34. Rg3 1-0